00425nam a2200121Ia 4500008004100000020005500041040000800096082002100104100002800125245009400153260000900247264004700256231129s2014||||xx |||||||||||||| ||spa|| a978-958-46-4689-7  bspa a306.089861 C348e aCastellanos V. Gonzalo 0aEmprendedores culturales ¡Sí­ hay recursos! ¿Dónde están y cómo se usan? c2014 aBogotá Colombia : Ministerio de Cultura